000
00443nam a2200145Ia 4500
008
100122s9999 xx 000 0 und d
082
_b
25457
_a
823
100
_a
भागवत यशवंत
245
_a
रुपेरी आकाश
260
_b
दीप ज्योती प्रकाशन
_c
1977
300
_a
140
630
_a
रुपेरी आकाश
730
_a
रुपेरी आकाश
942
_c
BOOK
999
_c
412232
_d
412229